Metódy riešenia matematických problémov

Saved in:
Bibliographic Details
Format: Book
Language:Slovak
Published: Bratislava Alfa 1990
Series:Edícia matematicko-fyzikálnej literatúry
Tags: Add Tag
No Tags, Be the first to tag this record!

MARC

LEADER 00000nam a2200000 4500
001 c024187
005 20260327082407.3
041 0 |a slo 
044 |a SK 
245 1 0 |a Metódy riešenia matematických problémov  |c Loren C. Larson ; [Z angl. prel.] Jaroslav Smítal, Ľubomír Snoha 
264 1 |a Bratislava  |b Alfa  |c 1990 
300 |a 411 s. 
490 1 |a Edícia matematicko-fyzikálnej literatúry 
830 0 |a Edícia matematicko-fyzikálnej literatúry